000 00463nam a2200181 a 4500
001 47160
005 20180714031011.0
008 140415s1983 000 0 spa d
020 _a0256028893
041 _aspa
082 _a150
_bNEW
100 1 _aNEWMAN, PHILIP R.
245 1 0 _aPRINCIPLES OF PSYCHOLOGY
260 _a[s.l.] :
_bTHE DORSEY PRESS,
_c1983
300 _a636
650 1 4 _aPSICOLOGIA
700 1 _aNewman, Barbara M.
_ecoaut.
999 _c47160
_d47160